000 00500nam a22001697a 4500
008 161010b xxu||||| |||| 00| 0 eng d
020 _a81-207-2486-0
082 _22003
_aDC 641.5972
_bM28
100 _916050
_aMahajan, Arushi
245 _aCuisines from the world/
_cArushi Mahajan.
260 _aNew Delhi:
_bSterling Publishers,
_cc2003.
300 _a119 pages:
_bcolor illustrations;
_c11 cm.
650 0 _916051
_aCooking
650 0 _915914
_aCooking
365 _b350.00
_cPhp
942 _2ddc
_cDC
999 _c5164
_d5164